<?xml version="1.0" encoding="UTF-8"?>
<record
    xmlns:xsi="http://www.w3.org/2001/XMLSchema-instance"
    xsi:schemaLocation="http://www.loc.gov/MARC21/slim http://www.loc.gov/standards/marcxml/schema/MARC21slim.xsd"
    xmlns="http://www.loc.gov/MARC21/slim">

  <leader>00748nam a22002417a 4500</leader>
  <datafield tag="952" ind1=" " ind2=" ">
    <subfield code="a">0001</subfield>
    <subfield code="b">0001</subfield>
    <subfield code="d">2021-07-02</subfield>
    <subfield code="l">0</subfield>
    <subfield code="o">956.1015 U98b [1988?]</subfield>
    <subfield code="p">019935</subfield>
    <subfield code="r">2021-07-02 00:00:00</subfield>
    <subfield code="t">c.1</subfield>
    <subfield code="w">2021-07-02</subfield>
    <subfield code="x">Emin De&#x11F;er Ba&#x11F;&#x131;&#x15F;&#x131;d&#x131;r.</subfield>
    <subfield code="y">BKS</subfield>
  </datafield>
  <datafield tag="952" ind1=" " ind2=" ">
    <subfield code="a">0001</subfield>
    <subfield code="b">0001</subfield>
    <subfield code="d">2021-07-02</subfield>
    <subfield code="l">0</subfield>
    <subfield code="o">956.1015 U98b [1988?]</subfield>
    <subfield code="p">019936</subfield>
    <subfield code="r">2021-07-02 00:00:00</subfield>
    <subfield code="t">c.2</subfield>
    <subfield code="w">2021-07-02</subfield>
    <subfield code="x">Emin De&#x11F;er Ba&#x11F;&#x131;&#x15F;&#x131;d&#x131;r.</subfield>
    <subfield code="y">BKS</subfield>
  </datafield>
  <datafield tag="952" ind1=" " ind2=" ">
    <subfield code="a">0001</subfield>
    <subfield code="b">0001</subfield>
    <subfield code="d">2021-07-02</subfield>
    <subfield code="l">0</subfield>
    <subfield code="o">956.1015 U98b [1988?]</subfield>
    <subfield code="p">019937</subfield>
    <subfield code="r">2021-07-02 00:00:00</subfield>
    <subfield code="t">c.3</subfield>
    <subfield code="w">2021-07-02</subfield>
    <subfield code="x">Emin De&#x11F;er Ba&#x11F;&#x131;&#x15F;&#x131;d&#x131;r.</subfield>
    <subfield code="y">BKS</subfield>
  </datafield>
  <datafield tag="952" ind1=" " ind2=" ">
    <subfield code="a">0001</subfield>
    <subfield code="b">0001</subfield>
    <subfield code="d">2021-07-02</subfield>
    <subfield code="l">0</subfield>
    <subfield code="o">956.1015 U98b [1988?]</subfield>
    <subfield code="p">019938</subfield>
    <subfield code="r">2021-07-02 00:00:00</subfield>
    <subfield code="t">c.4</subfield>
    <subfield code="w">2021-07-02</subfield>
    <subfield code="x">Emin De&#x11F;er Ba&#x11F;&#x131;&#x15F;&#x131;d&#x131;r.</subfield>
    <subfield code="y">BKS</subfield>
  </datafield>
  <datafield tag="952" ind1=" " ind2=" ">
    <subfield code="a">0001</subfield>
    <subfield code="b">0001</subfield>
    <subfield code="d">2021-07-02</subfield>
    <subfield code="l">0</subfield>
    <subfield code="o">956.1015 U98b [1988?]</subfield>
    <subfield code="p">019939</subfield>
    <subfield code="r">2021-07-02 00:00:00</subfield>
    <subfield code="t">c.5</subfield>
    <subfield code="w">2021-07-02</subfield>
    <subfield code="x">Emin De&#x11F;er Ba&#x11F;&#x131;&#x15F;&#x131;d&#x131;r.</subfield>
    <subfield code="y">BKS</subfield>
  </datafield>
  <datafield tag="952" ind1=" " ind2=" ">
    <subfield code="a">0001</subfield>
    <subfield code="b">0001</subfield>
    <subfield code="d">2021-07-02</subfield>
    <subfield code="l">0</subfield>
    <subfield code="o">956.1015 U98b [1988?]</subfield>
    <subfield code="p">019940</subfield>
    <subfield code="r">2021-07-02 00:00:00</subfield>
    <subfield code="t">c.6</subfield>
    <subfield code="w">2021-07-02</subfield>
    <subfield code="x">Emin De&#x11F;er Ba&#x11F;&#x131;&#x15F;&#x131;d&#x131;r.</subfield>
    <subfield code="y">BKS</subfield>
  </datafield>
  <datafield tag="999" ind1=" " ind2=" ">
    <subfield code="c">14453</subfield>
    <subfield code="d">14453</subfield>
  </datafield>
  <controlfield tag="003">MIRAKIL</controlfield>
  <controlfield tag="005">20210702172712.0</controlfield>
  <controlfield tag="008">210702b        tu ||||| |||| 00| 0 tur d</controlfield>
  <datafield tag="020" ind1=" " ind2=" ">
    <subfield code="a">9756945117</subfield>
  </datafield>
  <datafield tag="020" ind1=" " ind2=" ">
    <subfield code="a">9756945125</subfield>
  </datafield>
  <datafield tag="040" ind1=" " ind2=" ">
    <subfield code="a">TR-AnCHP</subfield>
    <subfield code="c">TR-AnCHP</subfield>
  </datafield>
  <datafield tag="041" ind1=" " ind2=" ">
    <subfield code="a">tur</subfield>
  </datafield>
  <datafield tag="082" ind1=" " ind2=" ">
    <subfield code="a">956.1015</subfield>
    <subfield code="b">U98b [1988?]</subfield>
  </datafield>
  <datafield tag="100" ind1=" " ind2=" ">
    <subfield code="a">Uzun&#xE7;ar&#x15F;&#x131;l&#x131;, &#x130;. Hakk&#x131;</subfield>
  </datafield>
  <datafield tag="245" ind1="1" ind2="0">
    <subfield code="a">B&#xFC;y&#xFC;k Osmanl&#x131; tarihi/</subfield>
    <subfield code="c">&#x130;. Hakk&#x131; Uzun&#xE7;ar&#x15F;&#x131;l&#x131;.</subfield>
  </datafield>
  <datafield tag="260" ind1=" " ind2=" ">
    <subfield code="a">Ankara:</subfield>
    <subfield code="b">T&#xFC;rk Tarih Kurumu</subfield>
    <subfield code="c">[1988?]</subfield>
  </datafield>
  <datafield tag="300" ind1=" " ind2=" ">
    <subfield code="a">C.</subfield>
    <subfield code="c">24 sm.</subfield>
  </datafield>
  <datafield tag="490" ind1="0" ind2=" ">
    <subfield code="a">Atat&#xFC;rk K&#xFC;lt&#xFC;r, Dil ve Tarih Y&#xFC;ksek Kurumu T&#xFC;rk Tarih Kurumu yay&#x131;nlar&#x131;, </subfield>
    <subfield code="v">XIII. dizi ; sa. 16.</subfield>
  </datafield>
  <datafield tag="504" ind1=" " ind2=" ">
    <subfield code="a">Dizin vard&#x131;r.</subfield>
  </datafield>
  <datafield tag="650" ind1=" " ind2="0">
    <subfield code="9">710</subfield>
    <subfield code="a">Osmanl&#x131; &#x130;mparatorlu&#x11F;u</subfield>
    <subfield code="x">Tarih</subfield>
  </datafield>
  <datafield tag="942" ind1=" " ind2=" ">
    <subfield code="2">ddc</subfield>
    <subfield code="c">BKS</subfield>
  </datafield>
  <datafield tag="999" ind1=" " ind2=" ">
    <subfield code="d">14453</subfield>
  </datafield>
</record>
